ਧੁੰਆਂ : (Record no. 110602)
[ view plain ]
| 000 -LEADER | |
|---|---|
| fixed length control field | 00838nam a22002417a 4500 |
| 010 ## - LIBRARY OF CONGRESS CONTROL NUMBER | |
| LC control number | B-079711 |
| 020 ## - INTERNATIONAL STANDARD BOOK NUMBER | |
| Terms of availability | 110.00 |
| 035 ## - SYSTEM CONTROL NUMBER | |
| System control number | B-079711 |
| 037 ## - SOURCE OF ACQUISITION | |
| Stock number | Cen Lib/Ret |
| 040 ## - CATALOGING SOURCE | |
| Original cataloging agency | DPL |
| Language of cataloging | PA |
| 082 ## - DEWEY DECIMAL CLASSIFICATION NUMBER | |
| Classification number | ਓ |
| Item number | ਬੀਰਬੀ |
| 100 ## - MAIN ENTRY--PERSONAL NAME | |
| Personal name | ਬੀਰ, ਬੀ. ਔਮ |
| 9 (RLIN) | 42260 |
| 245 ## - TITLE STATEMENT | |
| Title | ਧੁੰਆਂ : |
| Statement of responsibility, etc | ਬੀ. ਔਮ. ਬੀਰ |
| Remainder of title | ਨਾਵਲਾ / |
| 246 ## - VARYING FORM OF TITLE | |
| Title proper/short title | Dhuaan : a novel / |
| Remainder of title | by B.S.Bir |
| 260 ## - PUBLICATION, DISTRIBUTION, ETC. (IMPRINT) | |
| Place of publication, distribution, etc | ਦਿੱਲੀ |
| Name of publisher, distributor, etc | ਆਰਸੀ ਪਬਲਿਸ਼ਰਜ਼ |
| Date of publication, distribution, etc | 2004 |
| 270 ## - ADDRESS | |
| Address | ਚਾਂਚਨੀ ਚੈਕ |
| City | ਦਿੱਲੀ |
| Postal code | 110006 |
| 300 ## - PHYSICAL DESCRIPTION | |
| Extent | 104p ; |
| Other physical details | 24cm(Hb) |
| 650 ## - SUBJECT ADDED ENTRY--TOPICAL TERM | |
| Topical term or geographic name as entry element | ਸਾਹਿਤ --ਪੰਜਾਬੀ |
| 9 (RLIN) | 130558 |
| 650 ## - SUBJECT ADDED ENTRY--TOPICAL TERM | |
| Topical term or geographic name as entry element | ਪੰਜਾਬੀ -- ਨਾਵਲ |
| 9 (RLIN) | 130559 |
| 650 ## - SUBJECT ADDED ENTRY--TOPICAL TERM | |
| Topical term or geographic name as entry element | literature--Punjabi |
| 9 (RLIN) | 130560 |
| 650 ## - SUBJECT ADDED ENTRY--TOPICAL TERM | |
| Topical term or geographic name as entry element | Punjabi-- noval |
| 9 (RLIN) | 115816 |
| 942 ## - ADDED ENTRY ELEMENTS (KOHA) | |
| Source of classification or shelving scheme | Dewey Decimal Classification |
| Koha item type | Punjabi Bks |
| Classification part | ਓ |
| Call number suffix | ਬੀਰਬੀ |
| Withdrawn status | Lost status | Damaged status | Not for loan | Home library | Current library | Date acquired | Source of acquisition | Cost, normal purchase price | Total Checkouts | Total Renewals | Full call number | Barcode | Date last seen | Date checked out | Copy number | Cost, replacement price | Price effective from | Koha item type |
|---|---|---|---|---|---|---|---|---|---|---|---|---|---|---|---|---|---|---|
| Central Library | Central Library | 05/02/2016 | Cen Lib/Ret | 110.00 | 1 | 1 | ਓ ਬੀਰਬੀ | B-079711 | 21/05/2022 | 25/04/2022 | 1 | 110.00 | 05/02/2016 | Punjabi Bks |
